000 00255nam a22000977a 4500
008 170218b xxu||||| |||| 00| 0 eng d
100 _aLesgor, Raoul
245 _aFrance, 20th century specialized
260 _aHolmes, NY
_bRaoul Lesgor
_c1955
650 _aFrance
999 _c2268
_d2268